000 00528nam a2200217Ia 4500
003 OSt
005 20220926040616.0
006 a|||||r|||| 00| 0
007 ta
008 220923b |||||||| |||| 00| 0 eng d
037 _cGeneral Book
040 _aRTL
_cRTL
_beng
041 _2eng
_aeng
082 _aX:8F, K4
100 _aBeacham R H S
_9343843
245 0 _aCommercial accounting
260 _c1964
650 _aBudgeting
942 _hX:8F, K4
_cGB
_2CC
999 _c665199
_d665199